| 000 | 00641nam a2200205 u 4500 | ||
|---|---|---|---|
| 005 | 20240912063901.0 | ||
| 008 | 190206s2008 ag r 000 0 spa d | ||
| 020 | _a9789871337323 | ||
| 035 | _aUPN01000228848 | ||
| 049 | _aI | ||
| 050 | 4 |
_aPZ78 _bR6.72 |
|
| 100 | 1 |
_aRodrigué, Mercedes, _d1971- _942846 |
|
| 245 | 1 | 3 |
_aUn ratón comilón / _ctextos de Mercedes Rodrigué ; il. Guido Van Genecten. |
| 260 |
_aBuenos Aires : _bLa Brujita de Papel, _cc2008. |
||
| 300 |
_a[10] p. : _bil. col. |
||
| 650 | 4 |
_aCuentos infantiles argentinos _97466 |
|
| 650 | 0 |
_aRatones _vCuentos y leyendas _923551 |
|
| 905 | _aInfantil | ||
| 999 |
_c200943 _d200943 |
||